000 00293nam a22001337a 4500
008 170419b xxu||||| |||| 00| 0 eng d
020 _a9780072846119
041 _aeng
080 _23RD
_a573
100 _a11
101 _aSHM
245 _aMOLECULAR BIOLOGY
_cWEAVER, R.F
942 _2udc
_cBK
999 _c11212
_d11212